000 00338pam a2200157a 44500
008 230515b1977 xxu||||| |||| 00| 0 eng d
020 _aNULL
041 _aENGLISH
082 _a630
100 _aUDONATH ALONE
245 _aTHE SENSE OF THE OTHERNESS
250 _a0
260 _aPUNE
_bN/A
_c1977
300 _a80
650 _aNULL
999 _c651363
_d651363